000 00822 a2200217 4500
003 UA-OsUOA
005 20260311115540.0
008 260311b un ||||| |||| 00| 0 ukr d
020 _a1550561022
040 _aUA-OsUOA
_bukr
_cUA-OsUOA
_dUA-OsUOA
080 _a94(477).152
090 _a94(477).152
_bМ29
100 _aМарунчак М.
_924390
245 _aІсторія українців Канади
_bМихайло Г. Марунчак
_nТом II
260 _bНакладом Української Вільної Академії Наук в Канаді
_c1991
_aВінніпеґ
300 _a512 с.
650 _2UDC
_aУкраїнці за межами України
_924391
942 _cBK
_2udc
955 _a1
999 _c580041
_d580041